| 000 | 00961nam a22003257a 4500 | ||
|---|---|---|---|
| 003 | CHAP | ||
| 005 | 20220329133026.0 | ||
| 008 | 971013s1983 r 00010 d | ||
| 010 | _a1404 | ||
| 011 | _a2376 | ||
| 035 | _a1569 | ||
| 040 | _cCHAP | ||
| 082 |
_a512 _bP43y |
||
| 100 | 0 | 0 |
_aPhillips, Elizabeth Difanis. _987814 |
| 245 | _aAlgebra con aplicaciones | ||
| 260 |
_aMéxico, D. F. : _bHarla, _c1983 |
||
| 300 |
_a750 p _b: ilus |
||
| 500 | _a41-174 | ||
| 590 |
_aBATCH-UPD _b10 _c20130110 _lUCH01 _h0155 |
||
| 590 |
_aBATCH-UPD _b10 _c20130110 _lUCH01 _h1551 |
||
| 590 |
_aBATCH-UPD _b10 _c20130410 _lUCH01 _h0949 |
||
| 590 |
_aBATCH-UPD _b10 _c20130914 _lUCH01 _h1845 |
||
| 590 |
_aCONVERSION _b10 _c20130109 _lUCH01 _h1302 |
||
| 650 | 1 | 4 |
_aÁlgebra. _982391 |
| 700 | 0 |
_aButts, Thomas. _916471 |
|
| 700 | 0 |
_aShaughnessy, Michael. _9105536 |
|
| 901 | _aBK | ||
| 942 | _cLIBRO | ||
| 949 |
_a512 P43y _bBC _cLIBRO _d33724000408787 _eLIBRO _h71516 _i1569 _si _t39.90 |
||
| 999 |
_c1404 _d1404 |
||